00326nam a2200145Ia 4500003000500000008004100005020001800046040001900064082000700083100001900090245002100109260003100130300000700161546001200168STCL181203s9999 xx 000 0 und d a9780744513844 aSTCLbENcSTCL 222 aMorgan, Alison 0aStaples for Amos bWalker BooksaLondonc1989 a64 aEnglish